League of Legends - Champions Targon - Statistiques

Statistiques générales
  • Ce quiz a été pris 107 fois
  • Le résultat moyen est 7 sur 11
Statistiques - réponses
Réponse % Correct
Panthéon
87%
Taric
86%
Diana
85%
Leona
85%
Aurelion Sol
82%
Zoe
80%
Aphelios
75%
Soraka
71%
Kayle
46%
Morgana
44%
Nami
8%
Aucun quiz correspondant
Distribution des résultats
% des personnes avec chaque résultat
Percentile par nombre de réponses
Votre historique - résultats
Vous n’avez pas pris ce quiz